Egypt and the limits of Hellenism

Αποθηκεύτηκε σε:
Λεπτομέρειες βιβλιογραφικής εγγραφής
Κύριος συγγραφέας: Moyer, Ian S. 1971-
Μορφή: Βιβλίο
Γλώσσα:English
Δημοσίευση: Cambridge : New York : Cambridge University Press, 2011
Θέματα:
Ετικέτες: Προσθήκη ετικέτας
Δεν υπάρχουν, Καταχωρήστε ετικέτα πρώτοι!

MARC

LEADER 00000nam a2200000 i 4500
001 1/24499
008 130115s2011 eng d
020 |a 978-0-521-76551-0 
035 |l 10113460 
040 |a GR-MY-UA  |b gre  |e aacr 
041 0 |a eng 
082 0 |a 932.021  |2 (22) 
100 1 |a Moyer, Ian S.  |d 1971- 
245 1 0 |a Egypt and the limits of Hellenism /  |c Ian S. Moyer 
260 |a Cambridge :   |a New York :   |b Cambridge University Press,   |c 2011 
300 |a x, 347 σ.;  |c 23 εκ. 
504 |a Βιβλιογραφία: σ. 298-339 
504 |a Ευρετήριο: σ. 340-347 
651 0 |a Egypt  |x History  |x Greco-Roman period, 332 B.C.-640 A.D. 
651 0 |a Egypt  |x Civilization  |x Greek influences. 
651 0 |a Greece  |x Civilization  |x Egyptian influences. 
852 |a INST  |b RHODES  |e 20130115  |h 932.021 MOY  |p 005400034777  |q 005400034777  |t BK  |y 0 
901 |a BIBL4-2013-1 
909 |a Ρ  |b 177583 
922 |a 4ΕΛΗ  |b 201210  |c ΤΑΚ/ΤΜΣ  |d BEST BOOK HUNTERS 
970 |z 2013/01/15